• 首页
  • 本馆介绍
  • 公告通知
  • 最新文献
  • 馆藏检索
  • 电子资源
  • 读者导购
  • 参考咨询
  • 我的图书馆
  • 登录
  • 详细信息显示
  • 放入我的书架
  • 预约/预借图书
  • 作者相关作品
  • 分类相关作品
  • 丛书相关作品
  • 出版社相关作品

书目信息

  • 表格格式
  • 工作单格式
  • 卡片格式
题名:
半微量定性分析
    
 
作者: 阿里马林 著
分册:  
出版信息: 北京   高等教育出版社  1955
页数: 289页
开本: 20cm
丛书名:
单 册:
中图分类: O654.1
科图分类:
主题词: 分析化学 , 分析(化学)
电子资源:
ISBN:
000 00619nam0 2200217 450
001 0640565842
005 20060731112003.37
010    @dCNY1.46
100    @a20060731d1955 km y0chiy0120 ea
101 0  @achi@crus
102    @aCN@b110000
102    @aCN@b110000
200 1  @a半微量定性分析@Aban wei liang ding xing fen xi@f(苏)И·П·阿里马林等著@F(su)И·П·a li ma lin deng zhu
210    @a北京@c高等教育出版社@d1955
215    @a289页@d20cm
606 0  @a分析化学
606 0  @a分析(化学)
690    @aO654.1@v3
701  0 @a阿里马林@Aa li ma lin@4著
801  0 @aCN@bPFT@c20060731
905    @a10447@dO654.1@e39
    
    半微量定性分析/(苏)И·П·阿里马林等著.-北京:高等教育出版社,1955
    289页;20cm
    
    
    ISBN :CNY1.46
    
●
相关链接 在E读中查询图书 在五车中查询图书 在当当中查询图书 在豆瓣中查询图书


正题名:半微量定性分析     索取号:O654.1/39         预约/预借

序号 登录号 条形码 馆藏地/架位号 状态 备注
1 0433992   204339929   密集书库/ [索取号:O654.1/39] 在馆    
2 0434048   204340481   密集书库/ [索取号:O654.1/39] 在馆    
唐山师范学院图书馆 欢迎您!
大连网信软件有限公司© 版权所有